000 00782nam a2200229Ia 4500
003 OSt
005 20220923215038.0
006 a|||||r|||| 00| 0
007 ta
008 220922b |||||||| |||| 00| 0 hin d
024 _a175,172
037 _cTextual
040 _aARTS
_cARTS
_bhin
041 _2hin
_ahin
082 _aO152:9xN402:1, L5
100 _aतिवारी, विश्वनाथ प्रसाद
245 0 _aनये साहित्य का तर्कशास्त्र
246 _aNaye sāhitya kā tarkashāstra
260 _aदिल्ली
_b मेकमिलन
_c1975
942 _hO152:9xN402:1, L5
_cTEXL
_2CC
999 _c328876
_d328876